Psychogenèse et histoire des sciences

Enregistré dans:
Détails bibliographiques
Auteur principal: Piaget, Jean
Format: Livre
Langue:Undetermined
Publié: Paris Flammarion 1983
Sujets:
Tags: Ajouter un tag
Pas de tags, Soyez le premier à ajouter un tag!
Thư viện lưu trữ: Trung tâm Học liệu Trường Đại học Cần Thơ
LEADER 00485nam a2200193Ia 4500
001 CTU_79825
008 210402s9999 xx 000 0 und d
082 |a 501 
082 |b P579 
100 |a Piaget, Jean 
245 0 |a Psychogenèse et histoire des sciences 
245 0 |c Jean Piaget 
260 |a Paris 
260 |b Flammarion 
260 |c 1983 
650 |a Psycho 
650 |x History 
904 |i Trọng Hải 
980 |a Trung tâm Học liệu Trường Đại học Cần Thơ